| 000 | 00373nam a22001457a 4500 | ||
|---|---|---|---|
| 020 | _a978-81-8267-730-2 | ||
| 082 |
_a894.812.3 _bNEE/P |
||
| 100 | _aNEELAKANDAN, ANAND | ||
| 245 |
_aPEN RAMAYANAM _bSTORIES |
||
| 246 |
_aPEN RAMAYANAM _bPEN RAMAYANAM |
||
| 260 |
_aKOZHIKODU, KERALA , INDIA _bMATHRUBHUMI _c2019 |
||
| 300 | _a101 | ||
| 650 | _aMALAYALAM STORIES | ||
| 942 | _cBK | ||
| 999 |
_c8638 _d8638 |
||